000 00443nam a2200169Ia 4500
003 GCL
008 140319s9999 xx 000 0 ara d
040 _aGCL /
_cGCL
082 0 4 _a157.7
_bد ض
245 1 0 _aالضغط النفسى : ضريبة الحياة العصرية
300 _a96 ص
490 _aأسرتى
_v0
650 0 4 _aعلم النفس
650 0 4 _aالشخصية
650 0 4 _aالضغط النفسى
942 _2ddc
_cBK
999 _c44556
_d44556